|
|
|
|
| LEADER |
00927cam a2200241 7i4500 |
| 001 |
0000072330 |
| 005 |
20230215090000.0 |
| 020 |
|
|
|a 9781138079229 (electronic book)
|
| 090 |
0 |
0 |
|a TJ217.6
|b .K84 2020
|
| 100 |
1 |
|
|a Kuhn, Max
|
| 245 |
1 |
0 |
|a Feature engineering and selection :
|b a practical approach for predictive models
|c Max Kuhn and Kjell Johnson.
|
| 264 |
|
|
|a Boca Raton:
|b CRC Press,
|c 2020.
|
| 300 |
|
|
|a 1 online resource (xv, 297 pages):
|b text file, PDF.
|
| 336 |
|
|
|a text
|2 rdacontent
|
| 337 |
|
|
|a computer
|2 rdamedia
|
| 338 |
|
|
|a online resource
|2 rdacarrier
|
| 650 |
|
0 |
|a Predictive control --
|x Mathematical models
|
| 655 |
|
0 |
|a Electronic books
|
| 700 |
1 |
|
|a Johnson, Kjell
|
| 856 |
4 |
2 |
|u http://library.unisel.edu.my/web/guest/mylibrary
|
| 997 |
|
|
|a Engineering & Life Sciences, Faculty
|b Engineering, Department
|
| 998 |
|
|
|a Mechanical Engineering, Degree
|
| 999 |
|
|
|a EBO0015295
|b EBOOK
|c EBOOK
|e Electronic resources
|